|
|
|
|
| LEADER |
00000nas a2200000 a 4500 |
| 001 |
ssj0005896 |
| 003 |
WaSeSS |
| 005 |
20200512172242.0 |
| 006 |
m d |
| 007 |
cr n |
| 008 |
000914c19719999enkqr pss 0 0eng c |
| 010 |
|
|
|a 2007233668
|
| 015 |
|
|
|a GBA606857
|2 bnb
|
| 016 |
7 |
|
|a 013360783
|2 Uk
|
| 022 |
|
|
|a 1469-3577
|l 0305-764X
|y 0305-764X
|
| 035 |
|
|
|a (WaSeSS)ssj0005896
|
| 040 |
|
|
|a F#A
|b eng
|c F#A
|d OCLCQ
|d CGU
|d OCLCQ
|d GUA
|d OCLCQ
|d UKMGB
|d OCLCQ
|d OCLCF
|d OCLCO
|d OCLCQ
|d WT2
|d DLC
|d NLE
|d OCL
|d AU@
|d OCLCQ
|d WaSeSS
|
| 042 |
|
|
|a pcc
|
| 043 |
|
|
|a e-uk---
|
| 050 |
0 |
0 |
|a LB1725.G6
|
| 082 |
0 |
4 |
|a 370.70942
|
| 130 |
0 |
|
|a Cambridge journal of education (Online)
|
| 245 |
1 |
0 |
|a Cambridge journal of education
|h [electronic resource].
|
| 260 |
|
|
|a [Abingdon, Oxfordshire] :
|b Carfax International Publishers
|
| 310 |
|
|
|a Quarterly,
|b 2006-
|
| 321 |
|
|
|a Three no. a year,
|b -2005
|
| 362 |
1 |
|
|a Print began in 1971.
|
| 506 |
|
|
|a License restrictions may limit access.
|
| 538 |
|
|
|a Mode of access: World Wide Web.
|
| 588 |
0 |
|
|a Vol. 27, no. 1 (Mar. 1997); title from contents screen (Informaworld, viewed Aug. 28, 2007).
|
| 588 |
1 |
|
|a Volume 47, issue 4 (2017) (Taylor & Francis Online, viewed Dec. 20, 2017).
|
| 650 |
|
0 |
|a Teachers
|x Training of
|z Great Britain
|v Periodicals.
|
| 650 |
|
0 |
|a Education
|x Study and teaching
|v Periodicals.
|
| 650 |
|
0 |
|a Education
|x Research
|v Periodicals.
|
| 650 |
|
7 |
|a Education
|x Research.
|2 fast
|0 (OCoLC)fst00902743
|
| 650 |
|
7 |
|a Education
|x Study and teaching.
|2 fast
|0 (OCoLC)fst00902796
|
| 650 |
|
7 |
|a Teachers
|x Training of.
|2 fast
|0 (OCoLC)fst01144404
|
| 651 |
|
7 |
|a Great Britain.
|2 fast
|0 (OCoLC)fst01204623
|
| 655 |
|
0 |
|a Electronic journals.
|
| 776 |
0 |
8 |
|i Print version:
|t Cambridge journal of education
|w (DLC) 73645357
|w (OCoLC)2845361
|
| 850 |
|
|
|a DLC
|
| 856 |
4 |
0 |
|z Full text available from Research Library: 06/01/1997 to 11/30/2000
|u https://search.proquest.com/publication/49174
|